[Event "Charleroi op"]
[Site "Charleroi"]
[Date "2017.08.02"]
[Round "6"]
[White "Le Quang, Kim"]
[Black "Bauduin, Etienne"]
[Result "1-0"]
[WhiteElo "2279"]
[BlackElo "2179"]
[PlyCount "73"]
[EventDate "2017.07.29"]
[EventType "swiss"]
[EventRounds "9"]
[EventCountry "BEL"]
[SourceTitle "CBM 179 Extra"]
[Source "ChessBase"]
[SourceDate "2017.08.23"]
[SourceVersion "1"]
[SourceVersionDate "2017.08.23"]
[SourceQuality "1"]

1. e4 e6 2. d4 d5 3. Nc3 Nf6 4. e5 Nfd7 5. f4 c5 6. Nf3 Nc6 7. Be3 a6 8. Qd2 b5 9. dxc5 Bxc5 10. Bd3 Qb6 11. Bf2 Bb7 12. a3 Rc8 13. 0-0 Bxf2+ 14. Rxf2 h6 15. Re1 Ne7 16. b4 0-0 17. Ne2 f6 18. Ned4 fxe5 19. Nxe5 Nxe5 20. Rxe5 Nc6 21. Nxc6 Rxc6 22. Kh1 Rd6 23. Rf3 d4 24. Rg3 Qd8 25. Qe1 Qf6 26. Rg4 Bd5 27. h3 Bc4 28. Qe4 Bxd3 29. cxd3 Qf7 30. Rc5 Kh8 31. Qe5 Rfd8 32. Qe4 Rd5 33. Rc6 R5d6 34. Rc5 Rd5 35. Rxd5 Rxd5 36. Rg6 Rd6 37. f5 1-0

[Event "Barbera del Valles op 39th"]
[Site "Barbera del Valles"]
[Date "2016.07.11"]
[Round "8"]
[White "Arus Blanch, Daniel"]
[Black "Bauduin, Etienne"]
[Result "1-0"]
[WhiteElo "2052"]
[BlackElo "2251"]
[PlyCount "69"]
[EventDate "2016.07.04"]
[EventType "swiss"]
[EventRounds "9"]
[EventCountry "ESP"]
[SourceTitle "EXT 2017"]
[Source "ChessBase"]
[SourceDate "2016.10.25"]
[SourceVersion "1"]
[SourceVersionDate "2016.10.25"]
[SourceQuality "1"]

1. e4 e6 2. d4 d5 3. Nc3 Nf6 4. e5 Nfd7 5. f4 c5 6. Nf3 Be7 7. Be3 b6 8. Bd3 Nc6 9. 0-0 0-0 10. Bb5 Bb7 11. Ne2 Na5 12. c3 Nc4 13. Bc1 f5 14. Kh1 Rf7 15. Ng5 Bxg5 16. fxg5 Nf8 17. Nf4 g6 18. b3 a6 19. bxc4 axb5 20. cxb5 Bc8 21. Rf2 Rfa7 22. dxc5 bxc5 23. Be3 Qb6 24. a4 Nd7 25. Nd3 d4 26. cxd4 cxd4 27. Bf4 Bb7 28. Rd2 Be4 29. Nf2 d3 30. Nxd3 Qd4 31. Ne1 Rxa4 32. Rxd4 Rxa1 33. Rxd7 Bd5 34. Rxd5 exd5 35. Qxd5+ 1-0

[Event "Barbera del Valles op 39th"]
[Site "Barbera del Valles"]
[Date "2016.07.09"]
[Round "6"]
[White "Jareno Badenas, Aleix"]
[Black "Bauduin, Etienne"]
[Result "1/2-1/2"]
[WhiteElo "2063"]
[BlackElo "2251"]
[PlyCount "58"]
[EventDate "2016.07.04"]
[EventType "swiss"]
[EventRounds "9"]
[EventCountry "ESP"]
[SourceTitle "EXT 2017"]
[Source "ChessBase"]
[SourceDate "2016.10.25"]
[SourceVersion "1"]
[SourceVersionDate "2016.10.25"]
[SourceQuality "1"]

1. e4 e6 2. d3 d5 3. Nd2 c5 4. Ngf3 Nc6 5. g3 Bd6 6. Bg2 Nge7 7. 0-0 0-0 8. Nh4 Rb8 9. f4 f5 10. exf5 exf5 11. c3 b5 12. Ndf3 d4 13. Re1 h6 14. cxd4 Nxd4 15. Nxd4 cxd4 16. Qb3+ Kh7 17. Bd2 a5 18. Rac1 a4 19. Qd1 Ng8 20. Qh5 Qf6 21. Nf3 g6 22. Qh3 Bd7 23. Ne5 Be8 24. Bf3 Ne7 25. Qg2 Rc8 26. Nc6 Nxc6 27. Bxc6 Bf7 28. Bd5 Rc5 29. Rxc5 Bxc5 1/2-1/2

[Event "Barbera del Valles op 39th"]
[Site "Barbera del Valles"]
[Date "2016.07.07"]
[Round "4"]
[White "Arjun, K2."]
[Black "Bauduin, Etienne"]
[Result "1-0"]
[WhiteElo "2118"]
[BlackElo "2251"]
[PlyCount "85"]
[EventDate "2016.07.04"]
[EventType "swiss"]
[EventRounds "9"]
[EventCountry "ESP"]
[SourceTitle "EXT 2017"]
[Source "ChessBase"]
[SourceDate "2016.10.25"]
[SourceVersion "1"]
[SourceVersionDate "2016.10.25"]
[SourceQuality "1"]

1. e4 e6 2. d3 d5 3. Nd2 c5 4. Ngf3 Nc6 5. g3 Bd6 6. Bg2 Nge7 7. 0-0 0-0 8. c3 b6 9. Re1 Bc7 10. Qc2 a5 11. a4 Ba6 12. Bf1 d4 13. Nc4 e5 14. Nh4 Nc8 15. Bh3 Nd6 16. Nxd6 Bxd6 17. c4 g6 18. Bh6 Re8 19. Ng2 Bc8 20. Bxc8 Qxc8 21. Qe2 Ra7 22. Qf3 Bf8 23. Bxf8 Rxf8 24. Qf6 Qe6 25. Qxe6 fxe6 26. Re2 g5 27. Rf1 Raf7 28. Ne1 Nb4 29. Kg2 g4 30. h3 gxh3+ 31. Kxh3 Rf6 32. Kg2 R8f7 33. Rh1 Kf8 34. Rh5 Nc6 35. f3 Rg7 36. g4 h6 37. Kg3 Ke7 38. Reh2 Rgg6 39. Nc2 Kd6 40. Rh1 Nd8 41. Ne1 Nf7 42. Ng2 Rg8 43. Ne1 1-0

[Event "Barbera del Valles op 39th"]
[Site "Barbera del Valles"]
[Date "2016.07.06"]
[Round "3"]
[White "Bauduin, Etienne"]
[Black "Nadal Fajardo, Ricard"]
[Result "1/2-1/2"]
[WhiteElo "2251"]
[BlackElo "1900"]
[PlyCount "46"]
[EventDate "2016.07.04"]
[EventType "swiss"]
[EventRounds "9"]
[EventCountry "ESP"]
[SourceTitle "EXT 2017"]
[Source "ChessBase"]
[SourceDate "2016.10.25"]
[SourceVersion "1"]
[SourceVersionDate "2016.10.25"]
[SourceQuality "1"]

1. e4 c6 2. c4 d5 3. exd5 cxd5 4. cxd5 Qxd5 5. Nc3 Qd8 6. Nf3 Nf6 7. d4 e6 8. Bd3 Be7 9. 0-0 0-0 10. Re1 Nc6 11. Bg5 b6 12. a3 Bb7 13. Bc2 Rc8 14. Qd3 g6 15. Rad1 Nd5 16. Bh6 Re8 17. Ne4 Ncb4 18. axb4 Nxb4 19. Qb3 Bd5 20. Qa4 Bc6 21. Qb3 Bd5 22. Qa4 Bc6 23. Qb3 Bd5 1/2-1/2

[Event "Barbera del Valles op 39th"]
[Site "Barbera del Valles"]
[Date "2016.07.04"]
[Round "1"]
[White "Bauduin, Etienne"]
[Black "Perez Ruiz, Santiago"]
[Result "1/2-1/2"]
[WhiteElo "2251"]
[BlackElo "1912"]
[PlyCount "65"]
[EventDate "2016.07.04"]
[EventType "swiss"]
[EventRounds "9"]
[EventCountry "ESP"]
[SourceTitle "EXT 2017"]
[Source "ChessBase"]
[SourceDate "2016.10.25"]
[SourceVersion "1"]
[SourceVersionDate "2016.10.25"]
[SourceQuality "1"]

1. e4 e5 2. Nf3 Nc6 3. Bb5 a6 4. Ba4 Nf6 5. d3 b5 6. Bb3 d6 7. Ng5 d5 8. Nc3 Bb4 9. a3 Bxc3+ 10. bxc3 0-0 11. a4 Na5 12. 0-0 Nxb3 13. cxb3 h6 14. Nf3 dxe4 15. Nxe5 exd3 16. Qxd3 Qxd3 17. Nxd3 Bf5 18. Nb4 c5 19. Nc6 Bc2 20. Be3 Bxb3 21. Bxc5 Rfe8 22. axb5 axb5 23. Ne7+ Kh7 24. Rxa8 Rxa8 25. Bd4 Nd5 26. Nf5 Nf4 27. h3 Ne2+ 28. Kh2 Nxd4 29. Nxd4 Bc4 30. Re1 g6 31. Re7 Ra3 32. Re3 Kg7 33. h4 1/2-1/2

[Event "BEL-chT 1213"]
[Site "Belgium"]
[Date "2012.11.18"]
[Round "4.5"]
[White "Roofthoofd, Marcel"]
[Black "Bauduin, Etienne"]
[Result "1/2-1/2"]
[WhiteElo "2193"]
[BlackElo "2228"]
[PlyCount "36"]
[EventDate "2012.09.23"]
[EventType "team-tourn"]
[EventRounds "11"]
[EventCountry "BEL"]
[SourceTitle "CBM 151 Extra"]
[Source "ChessBase"]
[SourceDate "2012.12.18"]
[SourceVersion "1"]
[SourceVersionDate "2012.12.18"]
[SourceQuality "1"]
[WhiteTeam "Anderlecht"]
[BlackTeam "Charleroi CREC"]
[WhiteTeamCountry "BEL"]
[BlackTeamCountry "BEL"]

1. e4 e6 2. d4 d5 3. e5 c5 4. c3 Nc6 5. Nf3 Nge7 6. Bd3 cxd4 7. cxd4 Nf5 8. Bxf5 exf5 9. Nc3 Be6 10. 0-0 Be7 11. a3 Rc8 12. b4 a5 13. Qb3 axb4 14. axb4 0-0 15. Ba3 Qb6 16. Na4 Qb5 17. Nc3 Qb6 18. Na4 Qb5 1/2-1/2

[Event "Cappelle op 27th"]
[Site "Cappelle la Grande"]
[Date "2011.03.03"]
[Round "7"]
[White "Bauduin, Etienne"]
[Black "Pogorelov, Ruslan"]
[Result "1/2-1/2"]
[WhiteElo "2255"]
[BlackElo "2427"]
[PlyCount "81"]
[EventDate "2011.02.26"]
[EventType "swiss"]
[EventRounds "9"]
[EventCountry "FRA"]
[SourceTitle "CBM 141 Extra"]
[Source "ChessBase"]
[SourceDate "2011.05.03"]
[SourceVersion "1"]
[SourceVersionDate "2011.05.03"]
[SourceQuality "1"]

1. c4 Nf6 2. g3 c6 3. Bg2 d5 4. Nf3 dxc4 5. 0-0 Nbd7 6. Na3 Nb6 7. Qc2 Be6 8. Ng5 Qd7 9. b3 cxb3 10. axb3 g6 11. Nc4 Bxc4 12. bxc4 Bg7 13. d3 0-0 14. Ra5 Qd8 15. Qa2 a6 16. Bd2 Nfd7 17. Rb1 Rb8 18. h4 h6 19. Nf3 e5 20. Ra3 Na8 21. Be3 Nc7 22. Nd2 Qc8 23. Ne4 Ne6 24. h5 g5 25. Bh3 Nd4 26. Bxd4 exd4 27. c5 Qc7 28. Rab3 Nf6 29. Nxf6+ Bxf6 30. Qb2 Qe7 31. Rxb7 Rxb7 32. Qxb7 Qxc5 33. Qxa6 Qc2 34. Re1 Re8 35. Bg4 Kg7 36. Bf3 c5 37. Qc6 Re6 38. Qd5 Re5 39. Qc6 Re6 40. Qd5 Re5 41. Qc6 1/2-1/2

[Event "Cappelle op 27th"]
[Site "Cappelle la Grande"]
[Date "2011.03.02"]
[Round "6"]
[White "Adrien, Vincent"]
[Black "Bauduin, Etienne"]
[Result "0-1"]
[WhiteElo "1932"]
[BlackElo "2255"]
[PlyCount "70"]
[EventDate "2011.02.26"]
[EventType "swiss"]
[EventRounds "9"]
[EventCountry "FRA"]
[SourceTitle "CBM 141 Extra"]
[Source "ChessBase"]
[SourceDate "2011.05.03"]
[SourceVersion "1"]
[SourceVersionDate "2011.05.03"]
[SourceQuality "1"]

1. e4 e6 2. d4 d5 3. exd5 exd5 4. Bd3 Nc6 5. Nf3 Bg4 6. c3 Bd6 7. 0-0 Nge7 8. Bg5 Qd7 9. Nbd2 f6 10. Bh4 Bf5 11. Qc2 Bxd3 12. Qxd3 Qf5 13. Qxf5 Nxf5 14. Rfe1+ Kd7 15. Bg3 Nxg3 16. hxg3 Rae8 17. Rxe8 Rxe8 18. Re1 Ne7 19. Kf1 h5 20. Re2 Rh8 21. Kg1 g5 22. Nf1 Nf5 23. Ne3 Re8 24. Kf1 Nxe3+ 25. Rxe3 Rxe3 26. fxe3 Bxg3 27. Ke2 h4 28. Nd2 g4 29. c4 Ke6 30. Nf1 dxc4 31. Nxg3 hxg3 32. e4 b5 33. b3 cxb3 34. axb3 a5 35. Kd3 f5 0-1

[Event "Cappelle op 27th"]
[Site "Cappelle la Grande"]
[Date "2011.03.01"]
[Round "5"]
[White "Bauduin, Etienne"]
[Black "Burmakin, Vladimir"]
[Result "1/2-1/2"]
[WhiteElo "2255"]
[BlackElo "2603"]
[PlyCount "97"]
[EventDate "2011.02.26"]
[EventType "swiss"]
[EventRounds "9"]
[EventCountry "FRA"]
[SourceTitle "CBM 141 Extra"]
[Source "ChessBase"]
[SourceDate "2011.05.03"]
[SourceVersion "1"]
[SourceVersionDate "2011.05.03"]
[SourceQuality "1"]

1. c4 c6 2. g3 d5 3. Bg2 Nf6 4. Nf3 Bf5 5. cxd5 cxd5 6. Qb3 Qb6 7. Qxb6 axb6 8. Nc3 Nc6 9. d3 e6 10. 0-0 Bc5 11. Bf4 0-0 12. a3 Rfc8 13. Nb5 h6 14. b4 Be7 15. Be3 Nd7 16. Nfd4 Bh7 17. f4 Kf8 18. Bf2 g5 19. Rab1 gxf4 20. gxf4 Nf6 21. Bf3 Ne8 22. Be3 Nxd4 23. Bxd4 Nd6 24. Nxd6 Bxd6 25. Bxb6 Rxa3 26. Bc5 Ke7 27. Bh5 Ra2 28. Rb3 Kd7 29. Bxd6 Kxd6 30. Kf2 Ke7 31. Rg1 Kf6 32. Ke3 Rcc2 33. Bf3 b6 34. h4 Bf5 35. h5 e5 36. fxe5+ Kxe5 37. d4+ Kd6 38. Rg8 Rc8 39. Rxc8 Bxc8 40. Rb1 Be6 41. Kf4 Rd2 42. e3 Ke7 43. b5 Kf6 44. Rb3 Rh2 45. Rb1 Rf2 46. Kg3 Rc2 47. Kf4 Ke7 48. Rb4 Ra2 49. Rb3 1/2-1/2

[Event "Cappelle op 27th"]
[Site "Cappelle la Grande"]
[Date "2011.02.28"]
[Round "4"]
[White "De Leur, Ben"]
[Black "Bauduin, Etienne"]
[Result "0-1"]
[WhiteElo "1996"]
[BlackElo "2255"]
[PlyCount "66"]
[EventDate "2011.02.26"]
[EventType "swiss"]
[EventRounds "9"]
[EventCountry "FRA"]
[SourceTitle "CBM 141 Extra"]
[Source "ChessBase"]
[SourceDate "2011.05.03"]
[SourceVersion "1"]
[SourceVersionDate "2011.05.03"]
[SourceQuality "1"]

1. c4 f5 2. g3 Nf6 3. Bg2 e6 4. Nc3 d5 5. b3 d4 6. Nb1 c5 7. d3 Nc6 8. Nf3 Bd6 9. 0-0 0-0 10. Bb2 Qe8 11. e3 dxe3 12. fxe3 Ng4 13. Qd2 Qh5 14. Bh1 Qh6 15. Re1 e5 16. Nc3 Bd7 17. Nd5 e4 18. dxe4 fxe4 19. Nh4 Rf2 20. Nf6+ Qxf6 21. Qd5+ Qf7 22. Qxd6 Rxb2 23. Rf1 Qe6 24. Qf4 Nf6 25. Rad1 Nb4 26. Qg5 Qg4 27. Qxc5 Qh3 28. Bg2 Rxg2+ 29. Nxg2 Ng4 30. Rf4 Qxh2+ 31. Kf1 Qh1+ 32. Ke2 Qxg2+ 33. Ke1 Nc2# 0-1

[Event "BEL-chT 1011"]
[Site "Belgium"]
[Date "2011.01.09"]
[Round "6.6"]
[White "Memeti, Kastriot"]
[Black "Bauduin, Etienne"]
[Result "1-0"]
[WhiteElo "2194"]
[BlackElo "2274"]
[PlyCount "65"]
[EventDate "2010.09.26"]
[EventType "team-tourn"]
[EventRounds "11"]
[EventCountry "BEL"]
[SourceTitle "EXT 2012"]
[Source "ChessBase"]
[SourceDate "2011.11.24"]
[SourceVersion "1"]
[SourceVersionDate "2011.11.24"]
[SourceQuality "1"]
[WhiteTeam "Amay"]
[BlackTeam "Charleroi CREC"]
[WhiteTeamCountry "BEL"]
[BlackTeamCountry "BEL"]

1. d4 e6 2. Nf3 f5 3. Bf4 Nf6 4. e3 g6 5. h3 Bg7 6. Bd3 d6 7. Nc3 0-0 8. g4 Qe7 9. Qe2 a6 10. Bg5 Qe8 11. 0-0-0 b5 12. gxf5 exf5 13. Bxf6 Bxf6 14. Nd5 Bd8 15. h4 c5 16. dxc5 dxc5 17. c4 Bb7 18. h5 Bxd5 19. cxd5 Ra7 20. Rdg1 Rg7 21. Ng5 Bxg5 22. Rxg5 Nd7 23. hxg6 hxg6 24. e4 c4 25. Bc2 Nf6 26. f3 Nxd5 27. Qd2 Ne7 28. exf5 Nxf5 29. Bxf5 Rxf5 30. Rxf5 gxf5 31. Qd5+ Qf7 32. Qd8+ Qf8 33. Rh8+ 1-0

[Event "FRA-chT1 1011"]
[Site "France"]
[Date "2010.11.14"]
[Round "3.3"]
[White "Chernov, Vadim A"]
[Black "Bauduin, Etienne"]
[Result "1-0"]
[WhiteElo "2436"]
[BlackElo "2249"]
[PlyCount "61"]
[EventDate "2010.10.17"]
[EventType "team-tourn"]
[EventRounds "11"]
[EventCountry "FRA"]
[SourceTitle "EXT 2012"]
[Source "ChessBase"]
[SourceDate "2011.11.24"]
[SourceVersion "1"]
[SourceVersionDate "2011.11.24"]
[SourceQuality "1"]

1. e4 e6 2. d4 d5 3. Nd2 c5 4. Ngf3 Nf6 5. e5 Nfd7 6. c3 Nc6 7. Bd3 a6 8. 0-0 g5 9. Nb3 h6 10. Nxc5 Nxc5 11. dxc5 Bg7 12. Re1 Qc7 13. Qe2 g4 14. Nd4 Nxe5 15. Bf4 f6 16. Qxg4 Nxg4 17. Bxc7 Ne5 18. Bc2 Kf7 19. f4 Nc6 20. f5 Nxd4 21. cxd4 exf5 22. Bd6 Bf8 23. Bf4 Bd7 24. Re3 Re8 25. Rxe8 Kxe8 26. Re1+ Kf7 27. Re3 h5 28. Rb3 Bc6 29. Bxf5 Bh6 30. Bxh6 Rxh6 31. Bc8 1-0

[Event "BEL-chT 0910"]
[Site "Belgium"]
[Date "2010.03.21"]
[Round "11"]
[White "Tan, Matthew"]
[Black "Bauduin, Etienne"]
[Result "1-0"]
[WhiteElo "2350"]
[BlackElo "2245"]
[PlyCount "87"]
[EventDate "2009.09.27"]
[EventType "team-tourn"]
[EventRounds "11"]
[EventCountry "BEL"]
[SourceTitle "EXT 2011"]
[Source "ChessBase"]
[SourceDate "2010.11.26"]
[SourceVersion "1"]
[SourceVersionDate "2010.11.26"]
[SourceQuality "1"]
[WhiteTeam "Amay"]
[BlackTeam "Charleroi CREC"]
[WhiteTeamCountry "BEL"]
[BlackTeamCountry "BEL"]

1. e4 e6 2. d4 d5 3. Nd2 c5 4. exd5 Qxd5 5. Ngf3 cxd4 6. Bc4 Qd8 7. 0-0 Nc6 8. Nb3 a6 9. Nbxd4 Nxd4 10. Nxd4 Bd6 11. Bb3 Nf6 12. Bg5 0-0 13. c3 Qc7 14. Bxf6 gxf6 15. Qh5 Qc5 16. Qh6 Qg5 17. Qxg5+ fxg5 18. Rad1 Bc7 19. Nf3 h6 20. h4 g4 21. Nd2 Bd7 22. Ne4 Bc6 23. Nf6+ Kh8 24. Nxg4 Rg8 25. f3 Rg6 26. Rfe1 Rag8 27. Rd2 h5 28. Ne5 Bxe5 29. Rxe5 Bxf3 30. Kf1 Rxg2 31. Rxh5+ Bxh5 32. Rxg2 Rxg2 33. Kxg2 Kg7 34. Kg3 Kf6 35. Kf4 Bg6 36. Bd1 a5 37. b4 axb4 38. cxb4 Bb1 39. a4 b6 40. Ke3 Ke5 41. a5 bxa5 42. bxa5 Kd6 43. a6 Kc7 44. Bf3 1-0

[Event "BEL-chT 0910"]
[Site "Belgium"]
[Date "2010.03.07"]
[Round "10"]
[White "Juegel, Marcel"]
[Black "Bauduin, Etienne"]
[Result "1/2-1/2"]
[WhiteElo "2226"]
[BlackElo "2245"]
[PlyCount "94"]
[EventDate "2009.09.27"]
[EventType "team-tourn"]
[EventRounds "11"]
[EventCountry "BEL"]
[SourceTitle "EXT 2011"]
[Source "ChessBase"]
[SourceDate "2010.11.26"]
[SourceVersion "1"]
[SourceVersionDate "2010.11.26"]
[SourceQuality "1"]
[WhiteTeam "KSK47 Eynatten II"]
[BlackTeam "Charleroi CREC"]
[WhiteTeamCountry "BEL"]
[BlackTeamCountry "BEL"]

1. d4 e6 2. Nf3 f5 3. d5 Nf6 4. dxe6 d5 5. Ng5 Qe7 6. Qd3 Bxe6 7. Bf4 Ne4 8. Nxe6 Qxe6 9. Nd2 Nc6 10. Nxe4 fxe4 11. Qb3 0-0-0 12. 0-0-0 Bd6 13. g3 Kb8 14. Bxd6 Rxd6 15. f4 Ne7 16. e3 Rhd8 17. Be2 c5 18. Rd2 Qf6 19. Rhd1 d4 20. Qa3 Nf5 21. Qxc5 Nxe3 22. Re1 Rd5 23. Qb4 Rc8 24. Bb5 Rdc5 25. Ba4 Nc4 26. Rg2 e3 27. Kb1 a5 28. Qb3 Nd2+ 29. Rxd2 exd2 30. Rd1 b5 31. Rxd2 Ka7 32. Bxb5 Qe7 33. Re2 Qc7 34. Bd3 Rb8 35. Qa3 Qb6 36. Re7+ Rc7 37. Rxc7+ Qxc7 38. Qa4 Qb6 39. b3 g6 40. Qc4 Rb7 41. a4 Qb4 42. Qd5 Qc3 43. Be4 Re7 44. Qa8+ Kb6 45. Qd8+ Qc7 46. Qxd4+ Qc5 47. Qd8+ Qc7 1/2-1/2

[Event "BEL-chT 0910"]
[Site "Belgium"]
[Date "2010.01.24"]
[Round "7"]
[White "Bauduin, Etienne"]
[Black "Goormachtigh, Johan"]
[Result "0-1"]
[WhiteElo "2245"]
[BlackElo "2242"]
[PlyCount "96"]
[EventDate "2009.09.27"]
[EventType "team-tourn"]
[EventRounds "11"]
[EventCountry "BEL"]
[SourceTitle "EXT 2011"]
[Source "ChessBase"]
[SourceDate "2010.11.26"]
[SourceVersion "1"]
[SourceVersionDate "2010.11.26"]
[SourceQuality "1"]
[WhiteTeam "Charleroi CREC"]
[BlackTeam "KGSRL"]
[WhiteTeamCountry "BEL"]
[BlackTeamCountry "BEL"]

1. c4 Nf6 2. g3 c5 3. Bg2 e6 4. Nf3 Nc6 5. 0-0 d5 6. cxd5 Nxd5 7. d4 Be7 8. dxc5 Bxc5 9. a3 0-0 10. Qc2 Be7 11. Rd1 Bd7 12. e4 Nf6 13. Nc3 Qb8 14. Be3 Rd8 15. h3 Be8 16. b4 Rxd1+ 17. Rxd1 Nd7 18. Na4 h6 19. Ne1 Nce5 20. f4 Ng6 21. Nd3 e5 22. f5 Ngf8 23. Qb3 b6 24. Nc3 Nf6 25. Nd5 Nxd5 26. exd5 Bd6 27. Nf2 a5 28. Rc1 axb4 29. axb4 Ra4 30. Bd2 Nh7 31. Ne4 Ng5 32. Nxd6 Qxd6 33. h4 Nh7 34. b5 Rd4 35. Be3 Rb4 36. Qc3 Rxb5 37. Qc8 Nf6 38. g4 Kf8 39. g5 Ng4 40. Bd2 e4 41. f6 Qh2+ 42. Kf1 Qxh4 43. fxg7+ Kxg7 44. gxh6+ Kf8 45. Be1 Qxh6 46. Qxg4 Qxc1 47. Bxe4 Rb2 48. Bh7 Bb5+ 0-1

[Event "FRA-chT2 North 0809"]
[Site "France"]
[Date "2009.04.04"]
[Round "10.3"]
[White "Marcantoni, Herve"]
[Black "Bauduin, Etienne"]
[Result "1/2-1/2"]
[WhiteElo "2206"]
[BlackElo "2271"]
[PlyCount "56"]
[EventDate "2008.10.19"]
[EventType "tourn"]
[EventRounds "11"]
[EventCountry "FRA"]
[SourceTitle "EXT 2010"]
[Source "ChessBase"]
[SourceDate "2010.11.25"]
[SourceVersion "1"]
[SourceVersionDate "2010.11.25"]
[SourceQuality "1"]
[WhiteTeam "Cergy Pontoise"]
[BlackTeam "Arras"]
[WhiteTeamCountry "FRA"]
[BlackTeamCountry "FRA"]

1. e4 e6 2. d4 d5 3. Nc3 Nc6 4. Nf3 Nf6 5. e5 Ne4 6. a3 f5 7. exf6 Qxf6 8. Bd3 Nxc3 9. bxc3 h6 10. 0-0 Bd6 11. Qe2 0-0 12. Re1 Bd7 13. Ne5 Bxe5 14. dxe5 Qh4 15. g3 Qh3 16. f4 Ne7 17. Qg2 Qxg2+ 18. Kxg2 c5 19. a4 Rac8 20. Bb5 Bc6 21. Bxc6 Rxc6 22. Bd2 b6 23. Reb1 a6 24. Rb2 Nc8 25. g4 Rc7 26. Rf1 Rcf7 27. Rbb1 Kh7 28. h3 g6 1/2-1/2

[Event "FRA-chT2 North 0809"]
[Site "France"]
[Date "2009.03.15"]
[Round "9.1"]
[White "Bauduin, Etienne"]
[Black "Spraggett, Kevin"]
[Result "0-1"]
[WhiteElo "2271"]
[BlackElo "2586"]
[PlyCount "76"]
[EventDate "2008.10.19"]
[EventType "tourn"]
[EventRounds "11"]
[EventCountry "FRA"]
[SourceTitle "EXT 2010"]
[Source "ChessBase"]
[SourceDate "2010.11.25"]
[SourceVersion "1"]
[SourceVersionDate "2010.11.25"]
[SourceQuality "1"]
[WhiteTeam "Arras"]
[BlackTeam "Gif sur Yvette"]
[WhiteTeamCountry "FRA"]
[BlackTeamCountry "FRA"]

1. c4 e5 2. Nc3 Nc6 3. g3 f5 4. Bg2 Nf6 5. e3 g6 6. Nge2 Bg7 7. d3 0-0 8. Rb1 a5 9. b3 Ne7 10. Ba3 d6 11. 0-0 c6 12. Qd2 Qc7 13. f4 exf4 14. gxf4 Be6 15. d4 Bf7 16. Rbc1 Rfe8 17. d5 Rad8 18. Bb2 Qd7 19. Ng3 cxd5 20. cxd5 b5 21. a4 b4 22. Nb5 Rc8 23. Bd4 Rxc1 24. Rxc1 Rc8 25. Rxc8+ Nxc8 26. Qb2 Qd8 27. e4 fxe4 28. Nxe4 Nxe4 29. Bxg7 Qh4 30. Qe2 Kxg7 31. Qxe4 Qf6 32. Bh3 Ne7 33. Nc7 Nf5 34. Ne8+ Bxe8 35. Qxe8 Qd4+ 36. Kh1 Qxf4 37. Qe1 Ng3+ 38. Kg1 Qc1 0-1

[Event "FRA-chT2 North 0809"]
[Site "France"]
[Date "2009.03.14"]
[Round "8.3"]
[White "Bauduin, Etienne"]
[Black "Narchi, Marcel"]
[Result "1-0"]
[WhiteElo "2271"]
[BlackElo "2086"]
[PlyCount "39"]
[EventDate "2008.10.19"]
[EventType "tourn"]
[EventRounds "11"]
[EventCountry "FRA"]
[SourceTitle "EXT 2010"]
[Source "ChessBase"]
[SourceDate "2010.11.25"]
[SourceVersion "1"]
[SourceVersionDate "2010.11.25"]
[SourceQuality "1"]
[WhiteTeam "Arras"]
[BlackTeam "Saint Mande"]
[WhiteTeamCountry "FRA"]
[BlackTeamCountry "FRA"]

1. c4 Nf6 2. Nc3 e5 3. Nf3 Nc6 4. e3 Bb4 5. Qc2 0-0 6. a3 Bxc3 7. Qxc3 Re8 8. d3 d5 9. cxd5 Nxd5 10. Qc2 a5 11. b3 Qf6 12. Be2 Qg6 13. Bb2 Kh8 14. h4 h5 15. Ng5 f6 16. Bf3 Ncb4 17. axb4 Nxb4 18. Qe2 Nxd3+ 19. Kf1 fxg5 20. Bxh5 1-0

[Event "FRA-chT2 North 0809"]
[Site "France"]
[Date "2009.02.08"]
[Round "7.3"]
[White "Kieffer, Christian"]
[Black "Bauduin, Etienne"]
[Result "0-1"]
[WhiteElo "2093"]
[BlackElo "2271"]
[PlyCount "66"]
[EventDate "2008.10.19"]
[EventType "tourn"]
[EventRounds "11"]
[EventCountry "FRA"]
[SourceTitle "EXT 2010"]
[Source "ChessBase"]
[SourceDate "2010.11.25"]
[SourceVersion "1"]
[SourceVersionDate "2010.11.25"]
[SourceQuality "1"]
[WhiteTeam "Le Touquet"]
[BlackTeam "Arras"]
[WhiteTeamCountry "FRA"]
[BlackTeamCountry "FRA"]

1. e4 e6 2. Nf3 d5 3. e5 c5 4. b4 cxb4 5. a3 Nc6 6. axb4 Bxb4 7. c3 Be7 8. d4 f6 9. Bd3 fxe5 10. dxe5 Nh6 11. Bxh6 gxh6 12. 0-0 0-0 13. Nbd2 Rf7 14. Qe2 Bd7 15. c4 Nb4 16. Nb3 Nxd3 17. Qxd3 dxc4 18. Qxc4 Bc6 19. Qg4+ Kh8 20. Nbd4 Bd5 21. Rfc1 Rg7 22. Qh5 Qf8 23. Rc3 Bb4 24. Rc2 Bc5 25. g3 Rd8 26. Re1 b6 27. Re3 Rf7 28. Rd2 Bxf3 29. Rxf3 Rxf3 30. Nxe6 Rxf2 31. Rxd8 Qxd8 32. Nxc5 Qd4 33. Ne6 Qe3 0-1

[Event "BEL-chT 0809"]
[Site "Belgium"]
[Date "2009.02.02"]
[Round "8"]
[White "Orlov, Andrey"]
[Black "Bauduin, Etienne"]
[Result "1-0"]
[WhiteElo "2521"]
[BlackElo "2309"]
[PlyCount "81"]
[EventDate "2008.10.05"]
[EventType "team-tourn"]
[EventRounds "11"]
[EventCountry "BEL"]
[SourceTitle "EXT 2010"]
[Source "ChessBase"]
[SourceDate "2010.11.25"]
[SourceVersion "1"]
[SourceVersionDate "2010.11.25"]
[SourceQuality "1"]
[WhiteTeam "Wirtzfeld"]
[BlackTeam "Charleroi CREC"]
[WhiteTeamCountry "BEL"]
[BlackTeamCountry "BEL"]

1. e4 e6 2. d4 d5 3. Nc3 Nf6 4. Bg5 dxe4 5. Nxe4 Be7 6. Bxf6 Bxf6 7. Nxf6+ Qxf6 8. Nf3 0-0 9. c3 Nd7 10. Be2 b6 11. Bb5 Rd8 12. Bc6 Rb8 13. 0-0 Bb7 14. Qa4 Bxc6 15. Qxc6 Qf4 16. a4 Qd6 17. Qc4 a5 18. Rfd1 c6 19. Qe2 Qc7 20. h3 h6 21. Rd2 b5 22. axb5 cxb5 23. d5 exd5 24. Rxd5 Re8 25. Qf1 Nb6 26. Rxb5 Nc4 27. Rxb8 Rxb8 28. b4 axb4 29. cxb4 Rxb4 30. Ra8+ Kh7 31. Qe1 Rb7 32. Qe4+ g6 33. Qe8 Rb1+ 34. Ne1 Rxe1+ 35. Qxe1 Nb6 36. Re8 Nd5 37. Qa1 Qc3 38. Qa2 Qc1+ 39. Kh2 Qf4+ 40. g3 Qf3 41. Rd8 1-0